Central Library OPAC University of Rajshahi

Crusaders for American liberalism : (Record no. 28227)

MARC details
000 -LEADER
fixed length control field 00865nam a22002771 4500
001 - CONTROL NUMBER
control field 28227
003 - CONTROL NUMBER IDENTIFIER
rucl marc code BD-RjUL
005 - DATE AND TIME OF LATEST TRANSACTION
control field 20211209051244.0
008 - FIXED-LENGTH DATA ELEMENTS--GENERAL INFORMATION
fixed length control field 140329s1964 ohua b 000 0 eng
035 ## - SYSTEM CONTROL NUMBER
System control number (BD-RjUL)28308
040 ## - CATALOGING SOURCE
Original cataloging agency DLC
Transcribing agency DLC
Modifying agency BD-RjUL
Language of cataloging eng
041 ## - LANGUAGE CODE
Language code of text/sound track or separate title eng
082 00 - DEWEY DECIMAL CLASSIFICATION NUMBER
Classification number 309.173
Author mark and year FIC 1961
100 1# - MAIN ENTRY--PERSONAL NAME
Personal name Filler, Louis,
Dates associated with a name 1912-
9 (RLIN) 86442
245 10 - TITLE STATEMENT
Title Crusaders for American liberalism :
Remainder of title The Story of the Muckrakers /
250 ## - EDITION STATEMENT
Edition statement [New ed.]
260 ## - PUBLICATION, DISTRIBUTION, ETC. (IMPRINT)
Place of publication, distribution, etc. Yellow Springs, Ohio,
Name of publisher, distributor, etc. Antioch Press
Date of publication, distribution, etc. [1964]
300 ## - PHYSICAL DESCRIPTION
Pagination xxi, 382 p.
Illustrations illus.
Size 23 cm.
500 ## - GENERAL NOTE
General note New and enl. ed. published in 1976 under title: The muckrakers.
504 ## - BIBLIOGRAPHY, ETC. NOTE
Bibliography, etc Bibliography : p. 403-414.
650 #0 - SUBJECT ADDED ENTRY--TOPICAL TERM
Topical term or geographic name as entry element Social problems.
9 (RLIN) 86443
651 #0 - SUBJECT ADDED ENTRY--GEOGRAPHIC NAME
Geographic name United States
General subdivision Social conditions.
9 (RLIN) 86444
942 ## - ADDED ENTRY ELEMENTS (KOHA)
Source of classification or shelving scheme Dewey Decimal Classification
Koha item type Books
Holdings
Lost status Source of classification or shelving scheme Damaged status Not for loan Collection code Permanent Location Current Location Shelving location Date acquired Source of acquisition Cost, normal purchase price Total Checkouts Full call number Date last seen Copy number Koha item type
  Dewey Decimal Classification   Added to bundle Non-fiction Central Library, University of Rajshahi Central Library, University of Rajshahi Reading Room 24/07/1964 Zeitlinger 14.00   309.173 FIC 1961 29/03/2014 C-1 Books